Seismic stratigraphy /

Bibliographic Details
Other Authors: Hardage, Bob Adrian, 1939-
Format: Book
Language:English
Published: London : Geophysical, 1987.
Series:Handbook of geophysical exploration. Section I, Seismic exploration ; v.9.
Subjects:

MARC

Tag First Indicator Second Indicator Subfields
LEADER 00000cam a22000008a 4500
001 in00000019630
005 20151007053659.0
008 870304s1987 enka 00100 eng d
010 |a gb 87001450  
015 |a GB87-1450 
020 |a 0946631093 :  |c £42.00 (Aug.) 
020 |a 0946631255 (series) 
035 |a (OCoLC)15160809 
035 |9 AAB2449AM 
040 |a UKM  |c UKM  |d TXA  |d UtOrBLW 
049 |a TXAM  |c [A12590165] 
050 1 0 |a TN270 
050 4 |a TN270  |b .S44 1987 
082 0 |a 622/.1  |2 19 
245 0 0 |a Seismic stratigraphy /  |c edited by Bob A. Hardage. 
264 1 |a London :  |b Geophysical,  |c 1987. 
300 |a xii, 432 pages :  |b illustrations ;  |c 25 cm. 
336 |a text  |b txt  |2 rdacontent 
337 |a unmediated  |b n  |2 rdamedia 
338 |a volume  |b nc  |2 rdacarrier 
490 1 |a Handbook of geophysical exploration. Section I, Seismic exploration ;  |v v.9 
504 |a Includes bibliography and index. 
650 0 |a Prospecting. 
700 1 |a Hardage, Bob Adrian,  |d 1939- 
830 0 |a Handbook of geophysical exploration.  |p Section I, Seismic exploration ;  |v v.9. 
999 |a MARS 
999 f f |s 94afaa1e-65e3-3bad-9126-b789f0f00b3e  |i 120fa905-83e9-3019-9b17-b1cea463b07b  |t 0 
952 f f |p ric  |a Texas A&M University  |b Rellis Campus  |c Joint Library Facility  |d Remote Storage  |t 0  |e TN270 .S44 1987  |h Library of Congress classification  |i unmediated -- volume  |m A14812590165 
998 f f |a TN270 .S44 1987  |t 0  |l Remote Storage